Interés propio e interés de clase: algunas funciones de los movimientos campesinos en América Latina /

Sábháilte in:
Sonraí bibleagrafaíochta
Príomhchruthaitheoir: Singelmann, Peter
Formáid: Téacs
Ábhair:
Clibeanna: Cuir clib leis
Níl clibeanna ann, Bí ar an gcéad duine le clib a chur leis an taifead seo!

MARC

LEADER 00000 a a2200000 04500
001 44149
003
040
100 |a Singelmann, Peter  
245 |a Interés propio e interés de clase:   |b algunas funciones de los movimientos campesinos en América Latina /  |c Peter Singelmann  
650 |a MOVIMIENTOS CAMPESINOS  
650 |a TRUEQUE  
650 |a AMERICA LATINA  
650 |a ORGANIZACIONES CAMPESINAS  
773 |g volumen35, número2 (1973), páginas 383-397  
999 |c 24795  |d 24795